[Event "RM-2021-0-00243"]
[Site "LSS email"]
[Date "2021.07.30"]
[Round "?"]
[White "Elski, Marek"]
[Black "Khlopov, Sergej"]
[Result "1/2-1/2"]
[WhiteElo "2162"]
[BlackElo "2322"]
[PlyCount "70"]
[EventDate "2021.04.10"]
[EventType "tourn (corr)"]
[EventRounds "6"]
[EventCountry "GER"]
[SourceTitle "Corr 2024"]
[Source "ChessBase"]
[SourceDate "2023.10.19"]
[SourceVersion "1"]
[SourceVersionDate "2023.10.19"]
[SourceQuality "1"]

1. e4 c5 2. Nf3 d6 3. d4 cxd4 4. Nxd4 Nf6 5. Nc3 a6 6. Be3 e5 7. Nb3 Be6 8. f3 h5 9. Qd2 Nbd7 10. Nd5 Bxd5 11. exd5 g6 12. Be2 Bg7 13. 0-0 b6 14. c4 Rc8 15. Bg5 0-0 16. Rac1 Re8 17. Bd3 Qc7 18. Rce1 b5 19. Na5 bxc4 20. Bxc4 Nb6 21. Bb3 Nbxd5 22. Rc1 Qb6+ 23. Kh1 Rc5 24. Rxc5 dxc5 25. Nc4 Qc6 26. Qa5 Nc7 27. Rd1 Nfd5 28. Qa4 Qxa4 29. Bxa4 Rb8 30. Bb3 Ne6 31. Rxd5 Nxg5 32. Rxc5 Ne6 33. Ra5 Nd4 34. Ba4 Rc8 35. b3 Rd8 1/2-1/2

[Event "RM-2021-0-00243"]
[Site "LSS email"]
[Date "2021.07.30"]
[Round "?"]
[White "SugNK, Dmitrij"]
[Black "Elski, Marek"]
[Result "1/2-1/2"]
[WhiteElo "2214"]
[BlackElo "2162"]
[PlyCount "37"]
[EventDate "2021.04.10"]
[EventType "tourn (corr)"]
[EventRounds "6"]
[EventCountry "GER"]
[SourceTitle "Corr 2024"]
[Source "ChessBase"]
[SourceDate "2023.10.19"]
[SourceVersion "1"]
[SourceVersionDate "2023.10.19"]
[SourceQuality "1"]

1. d4 Nf6 2. c4 e6 3. Nf3 b6 4. g3 Ba6 5. b3 Bb4+ 6. Bd2 Be7 7. Bg2 c6 8. Bc3 d5 9. Nbd2 Nbd7 10. 0-0 0-0 11. Re1 c5 12. e4 dxe4 13. Nxe4 Bb7 14. Nfg5 cxd4 15. Bxd4 Qc7 16. Nxf6+ Bxf6 17. Bxb7 Qxb7 18. Bxf6 Nxf6 19. Qf3 1/2-1/2

[Event "LSS SA-2021-0-00757"]
[Site "LSS email"]
[Date "2021.05.03"]
[Round "?"]
[White "Elski, Marek"]
[Black "Rodriguez, Raul"]
[Result "1/2-1/2"]
[WhiteElo "2129"]
[BlackElo "2097"]
[PlyCount "106"]
[EventDate "2021.03.19"]
[EventType "tourn (corr)"]
[EventRounds "6"]
[EventCountry "GER"]
[SourceTitle "Corr 2024"]
[Source "ChessBase"]
[SourceDate "2023.10.19"]
[SourceVersion "1"]
[SourceVersionDate "2023.10.19"]
[SourceQuality "1"]

1. e4 e6 2. d4 d5 3. Nc3 Nf6 4. e5 Nfd7 5. f4 a6 6. Nf3 Be7 7. Be3 c5 8. Be2 b5 9. dxc5 Nxc5 10. 0-0 0-0 11. b4 Ncd7 12. Bd3 Nc6 13. a3 Qc7 14. Qe1 f6 15. Qh4 f5 16. Qe1 Nb6 17. Qf2 Rb8 18. Ne2 Bd7 19. h3 Nc4 20. Bc5 Bxc5 21. Qxc5 Nb2 22. Rab1 Na4 23. Qe3 Be8 24. g4 Bg6 25. gxf5 exf5 26. Nfd4 Qb6 27. Kf2 Nxd4 28. Nxd4 Nc3 29. Ra1 Rbc8 30. Kg2 Qb7 31. Kh2 Qe7 32. Rg1 Ne4 33. Bxe4 dxe4 34. c3 Qe8 35. Rac1 Bh5 36. Rc2 g6 37. Rgc1 Qd7 38. a4 bxa4 39. c4 Rfd8 40. Rd2 g5 41. c5 Bg6 42. Rcd1 Qf7 43. Ne2 Rxd2 44. Qxd2 a3 45. Rg1 a5 46. bxa5 Qc4 47. c6 Qxc6 48. Rc1 Qa6 49. Rxc8+ Qxc8 50. a6 Qxa6 51. Qd8+ Kg7 52. Nd4 h6 53. Qc7+ Kg8 1/2-1/2

[Event "LSS SA-2021-0-00757"]
[Site "LSS email"]
[Date "2021.05.03"]
[Round "?"]
[White "Sundqvist, Christer"]
[Black "Elski, Marek"]
[Result "1/2-1/2"]
[WhiteElo "2165"]
[BlackElo "2129"]
[PlyCount "77"]
[EventDate "2021.03.19"]
[EventType "tourn (corr)"]
[EventRounds "6"]
[EventCountry "GER"]
[SourceTitle "Corr 2024"]
[Source "ChessBase"]
[SourceDate "2023.10.19"]
[SourceVersion "1"]
[SourceVersionDate "2023.10.19"]
[SourceQuality "1"]

1. e4 c5 2. Nf3 d6 3. Bb5+ Bd7 4. Bxd7+ Qxd7 5. c4 Nc6 6. Nc3 Nf6 7. d4 cxd4 8. Nxd4 g6 9. f3 Bg7 10. Be3 0-0 11. 0-0 a6 12. Qd3 Rfc8 13. b3 Qc7 14. Nxc6 bxc6 15. Rad1 Nd7 16. f4 Rd8 17. Qc2 Rab8 18. h3 e6 19. f5 Be5 20. fxe6 fxe6 21. Ne2 Rf8 22. Nd4 Rxf1+ 23. Rxf1 Re8 24. Nf3 Bg7 25. Qd3 Nf6 26. Bg5 Qb6+ 27. Be3 Qc7 28. Bg5 Qb6+ 29. Kh1 d5 30. exd5 cxd5 31. Nd2 Rf8 32. Bxf6 Rxf6 33. Rxf6 Bxf6 34. cxd5 exd5 35. Qxd5+ Kf8 36. Qf3 Kg7 37. Ne4 Be5 38. Ng5 Bf6 39. Ne4 1/2-1/2

[Event "OP-2020-0-05067"]
[Site "LSS email"]
[Date "2020.12.14"]
[Round "?"]
[White "Elski, Marek"]
[Black "Bieszk, Stanislaw"]
[Result "1-0"]
[WhiteElo "2106"]
[BlackElo "895"]
[PlyCount "63"]
[EventDate "2020.12.11"]
[EventType "tourn (corr)"]
[EventRounds "4"]
[EventCountry "GER"]
[SourceTitle "Corr 2024"]
[Source "ChessBase"]
[SourceDate "2023.10.19"]
[SourceVersion "1"]
[SourceVersionDate "2023.10.19"]
[SourceQuality "1"]

1. e4 c5 2. Nf3 d6 3. d4 cxd4 4. Nxd4 Nf6 5. Nc3 Nc6 6. Bg5 e6 7. Qd2 a6 8. 0-0-0 Bd7 9. f4 b5 10. Bxf6 gxf6 11. Kb1 Qb6 12. Nxc6 Bxc6 13. f5 h5 14. Qe1 Be7 15. Qh4 0-0-0 16. a3 Qc5 17. Be2 Kb8 18. Qh3 Qe5 19. Bf3 Rde8 20. Na2 a5 21. Nc1 Bxe4 22. Bxe4 Qxe4 23. fxe6 Qxe6 24. Qf3 Qd7 25. Rd5 Rc8 26. Qd3 b4 27. Nb3 bxa3 28. Re1 axb2 29. Rb5+ Ka8 30. Nxa5 Bd8 31. Qd5+ Ka7 32. Rb7+ 1-0

[Event "OP-2020-0-05067"]
[Site "LSS email"]
[Date "2020.12.14"]
[Round "?"]
[White "Plutarco, Fosca"]
[Black "Elski, Marek"]
[Result "1/2-1/2"]
[WhiteElo "1970"]
[BlackElo "2106"]
[PlyCount "115"]
[EventDate "2020.12.11"]
[EventType "tourn (corr)"]
[EventRounds "4"]
[EventCountry "GER"]
[SourceTitle "Corr 2024"]
[Source "ChessBase"]
[SourceDate "2023.10.19"]
[SourceVersion "1"]
[SourceVersionDate "2023.10.19"]
[SourceQuality "1"]

1. d4 Nf6 2. Nf3 d5 3. c4 e6 4. Nc3 c6 5. Qd3 b6 6. cxd5 exd5 7. Bg5 Be7 8. e3 h6 9. Bh4 0-0 10. Qc2 Be6 11. Bd3 c5 12. 0-0 Nc6 13. Qa4 Nb4 14. Be2 Bd7 15. Qd1 Be6 16. a3 Nc6 17. Qa4 cxd4 18. Nxd4 Nxd4 19. Qxd4 Ne4 20. Bxe7 Nxc3 21. Qxc3 Qxe7 22. b4 Rfc8 23. Qd4 Qf6 24. Qxf6 gxf6 25. Ba6 Rc3 26. Rfd1 Rd8 27. Rd4 Rd7 28. h3 Rdc7 29. Ra2 f5 30. g3 Kg7 31. Kg2 Rc2 32. Rxc2 Rxc2 33. a4 Ra2 34. Bb5 a5 35. Bc6 Kg6 36. b5 h5 37. Bxd5 Bxd5+ 38. Rxd5 Rxa4 39. Rd6+ Kg7 40. Rxb6 Rb4 41. Rb7 a4 42. Ra7 Rxb5 43. Rxa4 Kf6 44. Ra8 Kg7 45. Ra2 Rb3 46. Kf3 Rb4 47. Ra5 Kg6 48. h4 Rb2 49. Ra4 Kf6 50. Rf4 Ke6 51. Kg2 Rb1 52. Rd4 Kf6 53. e4 fxe4 54. Rxe4 Rb3 55. Ra4 Kg6 56. Ra5 Rc3 57. Rg5+ Kh6 58. Kf1 1/2-1/2

[Event "RA-2020-0-00673"]
[Site "LSS email"]
[Date "2020.11.05"]
[Round "?"]
[White "Rodriguez, Raul"]
[Black "Elski, Marek"]
[Result "1/2-1/2"]
[WhiteElo "2128"]
[BlackElo "2112"]
[PlyCount "123"]
[EventDate "2020.09.18"]
[EventType "tourn (corr)"]
[EventRounds "6"]
[EventCountry "GER"]
[SourceTitle "Corr 2022"]
[Source "ChessBase"]
[SourceDate "2021.10.24"]
[SourceVersion "1"]
[SourceVersionDate "2021.10.24"]
[SourceQuality "1"]

1. e4 e5 2. Nf3 Nc6 3. d4 exd4 4. Nxd4 Nf6 5. Nc3 Bb4 6. Nxc6 bxc6 7. Bd3 d5 8. exd5 cxd5 9. 0-0 0-0 10. Qf3 c6 11. h3 Re8 12. Bf4 Bd6 13. Rfe1 Be6 14. Ne2 Bxf4 15. Nxf4 Qb6 16. b3 Bd7 17. Nh5 Nxh5 18. Qxh5 g6 19. Qh4 c5 20. Qf4 Kg7 21. Rad1 Qf6 22. Qc7 Qc6 23. Qa5 Qb6 24. Qd2 Rxe1+ 25. Rxe1 Be6 26. c4 Qb4 27. Qxb4 cxb4 28. c5 Kf6 29. Kf1 Rc8 30. Rc1 Ke5 31. Ke2 Rc7 32. Ke3 d4+ 33. Kd2 a5 34. Bb5 Bd5 35. f3 Bc6 36. Bc4 Kf4 37. Kd3 Rd7 38. Ra1 Kg3 39. a4 bxa3 40. Rxa3 Kxg2 41. Rxa5 Kxf3 42. b4 Be4+ 43. Kd2 Rc7 44. Ra1 f5 45. Rc1 Kg3 46. Ba6 Ra7 47. b5 f4 48. c6 Rc7 49. Bb7 f3 50. b6 Rxb7 51. cxb7 Bxb7 52. Rg1+ Kh2 53. Rg5 Kxh3 54. Ke1 d3 55. Kf2 d2 56. Rg1 Kh2 57. Rd1 g5 58. Rxd2 g4 59. Ke3+ Kg3 60. Rd7 f2 61. Rf7 Bf3 62. Rxf3+ 1/2-1/2

[Event "RA-2020-0-00673"]
[Site "LSS email"]
[Date "2020.11.05"]
[Round "?"]
[White "Van Bommel, Ton"]
[Black "Elski, Marek"]
[Result "1/2-1/2"]
[WhiteElo "2155"]
[BlackElo "2112"]
[PlyCount "51"]
[EventDate "2020.09.18"]
[EventType "tourn (corr)"]
[EventRounds "6"]
[EventCountry "GER"]
[SourceTitle "Corr 2022"]
[Source "ChessBase"]
[SourceDate "2021.10.24"]
[SourceVersion "1"]
[SourceVersionDate "2021.10.24"]
[SourceQuality "1"]

1. e4 e5 2. Nf3 Nc6 3. Bb5 a6 4. Ba4 Nf6 5. 0-0 Be7 6. Re1 b5 7. Bb3 0-0 8. c3 d5 9. d4 exd4 10. e5 Ne4 11. cxd4 Bf5 12. Nc3 Nxc3 13. bxc3 Na5 14. Bc2 Qd7 15. Bg5 Ba3 16. Qb1 Bxc2 17. Qxc2 Nc4 18. Bc1 Be7 19. Bg5 Ba3 20. Nd2 Rab8 21. Nxc4 bxc4 22. Bc1 Bxc1 23. Raxc1 Rb5 24. h3 Rfb8 25. Re2 Qe6 26. Rce1 1/2-1/2

[Event "SA-2020-0-00716"]
[Site "LSS email"]
[Date "2020.02.17"]
[Round "?"]
[White "Elski, Marek"]
[Black "Rodriguez, Raul"]
[Result "1/2-1/2"]
[WhiteElo "2002"]
[BlackElo "2039"]
[PlyCount "71"]
[EventDate "2020.01.19"]
[EventType "tourn (corr)"]
[EventRounds "6"]
[EventCountry "GER"]
[SourceTitle "Corr 2022"]
[Source "ChessBase"]
[SourceDate "2021.10.24"]
[SourceVersion "1"]
[SourceVersionDate "2021.10.24"]
[SourceQuality "1"]

1. e4 e6 2. d4 d5 3. Nc3 Nf6 4. e5 Nfd7 5. f4 Be7 6. Nf3 c5 7. Be3 0-0 8. Qd2 Nc6 9. Be2 Qc7 10. 0-0 a6 11. Nd1 cxd4 12. Nxd4 Nc5 13. Nf2 Nxd4 14. Bxd4 a5 15. a3 Bd7 16. Qe3 Rfc8 17. Rfc1 b5 18. b4 axb4 19. axb4 Ne4 20. c3 Qb7 21. Rcb1 Bd8 22. Re1 Bc6 23. Rxa8 Rxa8 24. Bd3 h5 25. Nxe4 dxe4 26. Bxe4 Bb6 27. Bxc6 Qxc6 28. Bxb6 Ra2 29. Re2 Rxe2 30. Qxe2 Qxb6+ 31. Kf1 g6 32. Qd2 Qa7 33. Qd8+ Kg7 34. Qd3 h4 35. Qxb5 Qa1+ 36. Ke2 1/2-1/2

[Event "SA-2020-0-00713"]
[Site "LSS email"]
[Date "2020.01.27"]
[Round "?"]
[White "Elski, Marek"]
[Black "Sundqvist, Christer"]
[Result "1/2-1/2"]
[WhiteElo "2001"]
[BlackElo "2116"]
[PlyCount "89"]
[EventDate "2019.12.21"]
[EventType "tourn (corr)"]
[EventRounds "6"]
[EventCountry "GER"]
[SourceTitle "Corr 2022"]
[Source "ChessBase"]
[SourceDate "2021.10.24"]
[SourceVersion "1"]
[SourceVersionDate "2021.10.24"]
[SourceQuality "1"]

1. e4 c5 2. Nf3 d6 3. d4 cxd4 4. Nxd4 Nf6 5. Nc3 Nc6 6. Bg5 e6 7. Qd2 a6 8. 0-0-0 Bd7 9. f4 h6 10. Bh4 b5 11. Bxf6 gxf6 12. Kb1 Qb6 13. Nce2 h5 14. Qd3 Ne7 15. g3 Rc8 16. Bg2 h4 17. c3 b4 18. cxb4 Qxb4 19. Qxa6 Rb8 20. b3 Rc8 21. Qd3 Qa5 22. Bf3 Bg7 23. Rhg1 hxg3 24. hxg3 Rh6 25. Rd2 Kf8 26. Rc1 Rxc1+ 27. Kxc1 f5 28. exf5 e5 29. fxe5 Qxe5 30. g4 Rh3 31. Rc2 Nc6 32. Rxc6 Bxc6 33. Nxc6 Qc5+ 34. Kb1 Qxc6 35. Bxc6 Rxd3 36. g5 Be5 37. Kc2 Re3 38. Kd2 Rh3 39. Bd5 Rh5 40. g6 fxg6 41. fxg6 Bf6 42. Bf7 d5 43. Kd3 Kg7 44. Nf4 Rh4 45. Nxd5 1/2-1/2

[Event "CP-2016-P-00003"]
[Site "LSS email"]
[Date "2016.09.27"]
[Round "?"]
[White "Elski, Marek"]
[Black "Van Bommel, Ton"]
[Result "1/2-1/2"]
[WhiteElo "1867"]
[BlackElo "2163"]
[PlyCount "72"]
[EventDate "2016.10.01"]
[EventType "tourn (corr)"]
[EventRounds "6"]
[EventCountry "GER"]
[SourceTitle "Corr 2022"]
[Source "ChessBase"]
[SourceDate "2021.10.24"]
[SourceVersion "1"]
[SourceVersionDate "2021.10.24"]
[SourceQuality "1"]

1. e4 c5 2. Nf3 d6 3. d4 cxd4 4. Nxd4 Nf6 5. Nc3 a6 6. Be3 e5 7. Nb3 Be6 8. h3 Nbd7 9. g4 h6 10. Qd2 Rc8 11. 0-0-0 b5 12. f4 Be7 13. Kb1 0-0 14. g5 hxg5 15. fxg5 Nh5 16. h4 Nb6 17. Qf2 Nc4 18. Nd5 f5 19. Qf3 Bxd5 20. Qxh5 Bf7 21. g6 Bxg6 22. Bxc4+ bxc4 23. Qxg6 cxb3 24. axb3 Rf6 25. Qg2 f4 26. Bf2 Qd7 27. Rdg1 Bd8 28. h5 Rh6 29. Qf3 Bf6 30. Rg6 Kf7 31. Qe2 Qc6 32. Rh3 Qd7 33. Rh1 Qc6 34. Rh3 Qd7 35. Rh2 a5 36. Rg1 a4 1/2-1/2

[Event "CP-2016-P-00003"]
[Site "LSS email"]
[Date "2016.09.27"]
[Round "?"]
[White "Elski, Marek"]
[Black "Vasek, Vladimir"]
[Result "1/2-1/2"]
[WhiteElo "1867"]
[BlackElo "1745"]
[PlyCount "83"]
[EventDate "2016.10.01"]
[EventType "tourn (corr)"]
[EventRounds "6"]
[EventCountry "GER"]
[SourceTitle "Corr 2022"]
[Source "ChessBase"]
[SourceDate "2021.10.24"]
[SourceVersion "1"]
[SourceVersionDate "2021.10.24"]
[SourceQuality "1"]

1. e4 e6 2. d4 d5 3. Nc3 Bb4 4. e5 c5 5. a3 Bxc3+ 6. bxc3 Ne7 7. Qg4 Qc7 8. Qxg7 Rg8 9. Qxh7 cxd4 10. Ne2 Nbc6 11. f4 Bd7 12. Qd3 dxc3 13. Qxc3 0-0-0 14. Rb1 Nf5 15. Rg1 d4 16. Qd3 Na5 17. g4 Ba4 18. gxf5 Rxg1 19. Nxg1 Bxc2 20. Qb5 Rd5 21. Qb4 Bxf5 22. Bd2 Nc6 23. Qb2 Qe7 24. Bg2 Bxb1 25. Qxb1 Rd7 26. Qb5 Rc7 27. Qd3 Qh4+ 28. Qg3 Qh7 29. Nf3 Qe4+ 30. Kf2 Ne7 31. Qg7 Rc2 32. Qxf7 Kd8 33. Qxe6 Rxd2+ 34. Nxd2 Qe3+ 35. Kf1 Qxd2 36. Bf3 Qxf4 37. Kg2 Qg5+ 38. Kh3 Qg6 39. Qf6 d3 40. Qf8+ Qe8 41. Qxe8+ Kxe8 42. Kg2 1/2-1/2

[Event "CP-2016-P-00003"]
[Site "LSS email"]
[Date "2016.09.27"]
[Round "?"]
[White "Lipsits, Sasha"]
[Black "Elski, Marek"]
[Result "1/2-1/2"]
[WhiteElo "1487"]
[BlackElo "1867"]
[PlyCount "73"]
[EventDate "2016.10.01"]
[EventType "tourn (corr)"]
[EventRounds "6"]
[EventCountry "GER"]
[SourceTitle "Corr 2022"]
[Source "ChessBase"]
[SourceDate "2021.10.24"]
[SourceVersion "1"]
[SourceVersionDate "2021.10.24"]
[SourceQuality "1"]

1. e4 e5 2. Nf3 Nc6 3. d4 exd4 4. Nxd4 Nf6 5. Nc3 Bb4 6. Nxc6 bxc6 7. Bd3 d5 8. exd5 cxd5 9. 0-0 0-0 10. Bf4 Bd6 11. Qd2 c5 12. b3 Bxf4 13. Qxf4 Bd7 14. a4 Rc8 15. Rfe1 Qa5 16. Nb5 Rc6 17. b4 cxb4 18. Nd4 Rc3 19. Nb5 Rc6 20. Rab1 Ne4 21. Qe5 Qb6 22. Qd4 Nc5 23. Qxb4 Nxd3 24. cxd3 a6 25. Nd4 Qxb4 26. Rxb4 Rc3 27. a5 Rxd3 28. Rb7 Bc8 29. Rb4 Ra3 30. Rc1 Be6 31. Rb6 Rxa5 32. f3 h6 33. Nxe6 fxe6 34. Rxe6 Rf7 35. Rd6 Rb7 36. h4 Kh7 37. Rc2 1/2-1/2

[Event "BI-2016-F-0000"]
[Site "LSS email"]
[Date "2016.02.14"]
[Round "?"]
[White "Elski, Marek"]
[Black "Van Bommel, Ton"]
[Result "0-1"]
[WhiteElo "1818"]
[BlackElo "1969"]
[PlyCount "102"]
[EventDate "2016.02.20"]
[EventType "tourn (corr)"]
[EventRounds "10"]
[EventCountry "GER"]
[SourceTitle "Corr 2022"]
[Source "ChessBase"]
[SourceDate "2021.10.24"]
[SourceVersion "1"]
[SourceVersionDate "2021.10.24"]
[SourceQuality "1"]

1. d4 d5 2. Nf3 Bf5 3. c4 e6 4. Nc3 Bb4 5. cxd5 exd5 6. Bf4 Nf6 7. e3 0-0 8. Rc1 Nbd7 9. Be2 c6 10. 0-0 Qe7 11. h3 Bd6 12. Re1 Rfe8 13. Bxd6 Qxd6 14. Bd3 Bg6 15. Bxg6 hxg6 16. Qc2 Rad8 17. a3 Nb6 18. Ne5 Qe7 19. Red1 a6 20. Qb3 Nc8 21. Qb4 Nd6 22. a4 Qe6 23. a5 Qe7 24. Qb3 Nfe4 25. Nd3 Qf6 26. Nxe4 Rxe4 27. Nc5 Re7 28. Rf1 Qh4 29. Kh2 Qg5 30. Qb4 Qh5 31. Rc2 g5 32. Kg1 g4 33. hxg4 Qxg4 34. Qe1 Qh4 35. Qd1 Ne4 36. Nxe4 Rxe4 37. g3 Qh3 38. Qf3 Rd6 39. Qg2 Qd7 40. Rc3 Rh6 41. Rb3 Re8 42. Re1 g6 43. Kf1 Qg4 44. f3 Qc8 45. g4 Qc7 46. Kg1 Qxa5 47. Re2 Qa1+ 48. Kf2 Rh1 49. Rxb7 Kg7 50. e4 Reh8 51. Kg3 Rg1 0-1

[Event "BI-2016-F-0000"]
[Site "LSS email"]
[Date "2016.02.14"]
[Round "?"]
[White "Kurowski, Andrzej"]
[Black "Elski, Marek"]
[Result "1/2-1/2"]
[WhiteElo "2018"]
[BlackElo "1818"]
[PlyCount "87"]
[EventDate "2016.02.20"]
[EventType "tourn (corr)"]
[EventRounds "10"]
[EventCountry "GER"]
[SourceTitle "Corr 2022"]
[Source "ChessBase"]
[SourceDate "2021.10.24"]
[SourceVersion "1"]
[SourceVersionDate "2021.10.24"]
[SourceQuality "1"]

1. d4 d5 2. Nf3 Nf6 3. c4 e6 4. Nc3 dxc4 5. e4 Bb4 6. Bg5 c5 7. e5 cxd4 8. Qa4+ Nc6 9. 0-0-0 Bd7 10. Ne4 Be7 11. exf6 gxf6 12. Bh4 Rc8 13. Kb1 Na5 14. Qc2 e5 15. Nxd4 exd4 16. Rxd4 Qb6 17. Rd5 Be6 18. Rh5 Bg4 19. Qa4+ Nc6 20. Rb5 Qa6 21. Qxa6 bxa6 22. Rb7 Bf5 23. f3 Rg8 24. h3 h5 25. g4 hxg4 26. hxg4 Rxg4 27. Kc1 Rg6 28. Bxf6 Bxf6 29. Nxf6+ Kf8 30. Rh8+ Kg7 31. Rxc8 Bxc8 32. Rc7 Rxf6 33. Rxc8 Ne5 34. Be2 Nd3+ 35. Bxd3 cxd3 36. Rc7 Rxf3 37. Rxa7 Rf6 38. Kd2 Rd6 39. b4 Kf6 40. a4 Ke6 41. b5 axb5 42. axb5 Rd4 43. Ra6+ Ke5 44. Ra7 1/2-1/2

[Event "WC-2016-P-00007"]
[Site "LSS email"]
[Date "2016.01.22"]
[Round "?"]
[White "Zavrazhnov, Andrej"]
[Black "Elski, Marek"]
[Result "0-1"]
[WhiteElo "2348"]
[BlackElo "1831"]
[PlyCount "74"]
[EventDate "2016.01.28"]
[EventType "tourn (corr)"]
[EventRounds "12"]
[EventCountry "GER"]
[SourceTitle "Corr 2022"]
[Source "ChessBase"]
[SourceDate "2021.10.24"]
[SourceVersion "1"]
[SourceVersionDate "2021.10.24"]
[SourceQuality "1"]

1. e4 e5 2. Nf3 Nc6 3. Bb5 a6 4. Ba4 Nf6 5. 0-0 Be7 6. Re1 b5 7. Bb3 0-0 8. h3 Bb7 9. d3 d5 10. exd5 Nxd5 11. Nxe5 Nd4 12. Nd2 c5 13. c3 Nxb3 14. Nxb3 Qc7 15. a4 Bd6 16. d4 Rad8 17. axb5 axb5 18. Bd2 c4 19. Na5 Ba8 20. b3 f6 21. Ng4 h5 22. Ne3 Nxe3 23. Bxe3 Qf7 24. Qc2 Bd5 25. b4 Rfe8 26. Bd2 Bc7 27. Kf1 g6 28. Rxe8+ Rxe8 29. Re1 Kg7 30. f3 Bg3 31. Rxe8 Qxe8 32. Qd1 g5 33. Qe2 Qd7 34. Kg1 Bd6 35. Be3 Qf5 36. Bd2 Kf7 37. Qe1 g4 0-1

[Event "SD-2015-0-00240"]
[Site "LSS email"]
[Date "2015.10.18"]
[Round "?"]
[White "Sofia, Gerardo"]
[Black "Elski, Marek"]
[Result "1-0"]
[WhiteElo "1493"]
[BlackElo "1793"]
[PlyCount "125"]
[EventDate "2015.08.29"]
[EventType "tourn (corr)"]
[EventRounds "6"]
[EventCountry "GER"]
[SourceTitle "Corr 2022"]
[Source "ChessBase"]
[SourceDate "2021.10.24"]
[SourceVersion "1"]
[SourceVersionDate "2021.10.24"]
[SourceQuality "1"]

1. d4 Nf6 2. c4 e6 3. Nf3 c6 4. Nc3 d5 5. e3 Nbd7 6. Bd3 dxc4 7. Bxc4 b5 8. Bd3 Bb7 9. 0-0 a6 10. a4 b4 11. Ne4 c5 12. Nxf6+ Nxf6 13. Qe2 cxd4 14. Rd1 Bd6 15. exd4 0-0 16. Ne5 Bc7 17. Be3 a5 18. Rac1 Qd5 19. f4 Bb6 20. b3 Rac8 21. Rc4 g6 22. Rdc1 Ne4 23. Bxe4 Qxe4 24. Nd7 Bxd4 25. Nf6+ Bxf6 26. Rxe4 Bxe4 27. Rxc8 Rxc8 28. Qb5 Bd5 29. g4 h6 30. f5 gxf5 31. gxf5 Bxb3 32. Qxa5 Bc3 33. fxe6 Bxe6 34. Bc5 Bf5 35. Bxb4 Bd4+ 36. Kg2 Be4+ 37. Kg3 f5 38. Qb5 Rc6 39. Kf4 Bg1 40. h4 Bh2+ 41. Ke3 Kf7 42. a5 Bg1+ 43. Ke2 Bd4 44. Qb8 Bb2 45. Bc5 Kg6 46. Qe8+ Kh7 47. Qf7+ Kh8 48. Qd7 Kg8 49. a6 Bf6 50. Qe8+ Kh7 51. Qf7+ Bg7 52. Bd4 Rg6 53. a7 Rg2+ 54. Kf1 Rg6 55. a8Q Bxa8 56. Qxf5 Bf3 57. Qxf3 Bxd4 58. Qd3 Kg7 59. Qxd4+ Kh7 60. Kf2 Rg8 61. Qe4+ Kh8 62. h5 Rg7 63. Ke3 1-0

[Event "CP-2015-P-00035"]
[Site "LSS email"]
[Date "2015.09.28"]
[Round "?"]
[White "Elski, Marek"]
[Black "Rojas, Fernando"]
[Result "1-0"]
[WhiteElo "1792"]
[BlackElo "1148"]
[PlyCount "47"]
[EventDate "2015.10.01"]
[EventType "tourn (corr)"]
[EventRounds "6"]
[EventCountry "GER"]
[SourceTitle "Corr 2022"]
[Source "ChessBase"]
[SourceDate "2021.10.24"]
[SourceVersion "1"]
[SourceVersionDate "2021.10.24"]
[SourceQuality "1"]

1. d4 Nf6 2. c4 e6 3. Nf3 b6 4. Nc3 Ba6 5. e4 d6 6. Bd3 Bb7 7. 0-0 Be7 8. Bc2 c6 9. Bg5 Nbd7 10. e5 dxe5 11. dxe5 Ng8 12. Ne4 f6 13. Bf4 f5 14. Nd4 Nf8 15. Nd6+ Bxd6 16. exd6 Nf6 17. Re1 Kf7 18. Bxf5 exf5 19. Re7+ Kg8 20. Nxf5 Qxe7 21. dxe7 Ne6 22. Be5 c5 23. Bxf6 gxf6 24. Qd7 1-0

[Event "CP-2015-P-00035"]
[Site "LSS email"]
[Date "2015.09.28"]
[Round "?"]
[White "Zavrazhnov, Andrej"]
[Black "Elski, Marek"]
[Result "1/2-1/2"]
[WhiteElo "2338"]
[BlackElo "1792"]
[PlyCount "115"]
[EventDate "2015.10.01"]
[EventType "tourn (corr)"]
[EventRounds "6"]
[EventCountry "GER"]
[SourceTitle "Corr 2022"]
[Source "ChessBase"]
[SourceDate "2021.10.24"]
[SourceVersion "1"]
[SourceVersionDate "2021.10.24"]
[SourceQuality "1"]

1. Nf3 d5 2. g3 Nf6 3. Bg2 e6 4. 0-0 Be7 5. c4 0-0 6. d4 dxc4 7. Qc2 a6 8. Qxc4 b5 9. Qc2 Bb7 10. Bf4 Nc6 11. Nc3 Nb4 12. Qb3 c5 13. dxc5 Bxc5 14. a4 Qe7 15. axb5 axb5 16. Ne5 Bxg2 17. Kxg2 Qb7+ 18. Nf3 h6 19. Rfd1 Nfd5 20. Be5 Be7 21. Rxa8 Rxa8 22. e4 Nxc3 23. Bxc3 Nc6 24. Qc2 Rc8 25. Qe2 f6 26. h4 h5 27. Kg1 Rd8 28. Rxd8+ Bxd8 29. Ne1 b4 30. Bd2 g6 31. Qc4 Kf7 32. Nd3 Be7 33. Nc5 Qc8 34. Be3 Ne5 35. Qxb4 Qd8 36. Qb3 Qd6 37. Na4 Qa6 38. Kg2 Qe2 39. Nc3 Qf3+ 40. Kg1 Qg4 41. Kf1 Qf3 42. Qb5 Qh1+ 43. Ke2 Ng4 44. Bc5 Bxc5 45. Qxc5 Qc1 46. Qc7+ Kf8 47. Qb8+ Kg7 48. Qb7+ Kh6 49. Qb3 Kg7 50. Nd1 Qc6 51. f3 Ne5 52. Nf2 Qc8 53. Nd3 Nxd3 54. Qxd3 Qc7 55. f4 e5 56. fxe5 Qxe5 57. b4 Qb2+ 58. Qd2 1/2-1/2